000 00668nam a2200217Ia 4500
001 15367
003 GE_BSU
008 181216s||||||||xx |||||||||||||| ||und||
040 _cGE_BSU
080 _a82-93:821.353.1-32
100 _aყაზბეგი, ალექსანდრე
245 _aელისო
245 _bმოთხრობა
245 _cრედ.ელ.გოგოლაშვილი.მხატვ.გ.გიორგობიანი
260 _aთბილისი
260 _bსაბლიტგამი
260 _c1956
300 _a35გვ.19სმ.
653 _aმოთხრობა
942 _cBK
999 _c48473
_d48473